[Event "Moscow op-B 04th"]
[Site "Moscow"]
[Date "2008.02.02"]
[Round "1"]
[White "Antropov, Sergey"]
[Black "Volkov, Anton"]
[Result "1-0"]
[WhiteElo "1955"]
[BlackElo "2212"]
[PlyCount "33"]
[EventDate "2008.02.02"]
[EventType "swiss"]
[EventRounds "9"]
[EventCountry "RUS"]
[SourceTitle "CBM 122 Extra"]
[Source "ChessBase"]
[SourceDate "2008.03.04"]
[SourceVersion "1"]
[SourceVersionDate "2008.03.04"]
[SourceQuality "1"]

1. e4 Nf6 2. Nc3 d5 3. e5 Nfd7 4. Nxd5 Nxe5 5. Ne3 c5 6. f4 Ng6 7. f5 Ne5 8. Nf3 Nbc6 9. Bb5 Bd7 10. 0-0 Nxf3+ 11. Qxf3 Nd4 12. Bxd7+ Qxd7 13. Qe4 0-0-0 14. Nc4 Qd5 15. Qxd5 Rxd5 16. Ne3 Ne2+ 17. Kf2 1-0